| 000 | 00437nam a2200169Ia 4500 | ||
|---|---|---|---|
| 008 | 190912s9999 xx 000 0 und d | ||
| 100 | _aHermoso, Christina I. | ||
| 245 | _aDevotion 'helps deepen' ones faith/ | ||
| 245 | _cChristina I. Hermoso | ||
| 260 | _bManila Bulletin | ||
| 260 | _c2019 | ||
| 300 | _aJanuary 14, page 7 | ||
| 440 |
_aManila Bulletin _v553: 4 |
||
| 650 | _aDevotion | ||
| 650 | _aFaith | ||
| 650 | _aReligion | ||
| 999 |
_c362124 _d362124 |
||